000 00661nam a22002057a 4500
001 00183
003 DO-SdBNP
005 20160413112902.0
007 00183
008 160413b dr 1989||||| |||| 00| 0 spa d
040 _aBPMSU
_bspa
_cBPMSU
092 _axxxxxxxxx
_bxxxxxxxxx
100 1 _aPelaez de Bautista, Adriana
245 _aMatemática hoy :
_b1er. curso de educación primaria /
_6Adriana Pélaez de Bautista, Francisca Juana Lugo de De león, Noemí Rodríguez de Uffre
250 _a2a ed.
260 _aSanto Domingo :
_bInstituto de Auxilios y Viviendas,
_c1989.
300 _a117 p. :
_bil.,
_c28 cm.
942 _2ddc
_cBK
956 _aBrenda Tavárez
999 _c9741
_d9741